Think ahead to First Certificate : companion

Αποθηκεύτηκε σε:
Λεπτομέρειες βιβλιογραφικής εγγραφής
Κύριος συγγραφέας: Ιωάννου, Λουκάς Α.
Μορφή: Βιβλίο
Γλώσσα:English
Δημοσίευση: Αθήνα : Εκδόσεις Κριεμπάρδη, 1994.
Θέματα:
Ετικέτες: Προσθήκη ετικέτας
Δεν υπάρχουν, Καταχωρήστε ετικέτα πρώτοι!

MARC

LEADER 00000cam a2200000 i 4500
001 1/58330
008 020214s1994 gr | ||| |||| ||eng||
035 |l 10000313 
040 |a GR-MyUa  |b gre  |e AACR2 
041 0 |a eng 
082 7 |a 428.24   |2 (22)  
100 1 |a Ιωάννου, Λουκάς Α. 
245 1 0 |a Think ahead to First Certificate :   |b companion /   |c Loucas A. Ioannou.  
260 |a Αθήνα :   |b Εκδόσεις Κριεμπάρδη,   |c 1994.  
300 |a 219 σ. ;   |c 28 εκ.  
500 |a Περιλαμβάνει ευρετήριο.  
650 0 |a English language  |x Grammar. 
650 0 |a English language  |x Grammar  |x Study and teaching. 
650 0 |a English language  |x Study and teaching. 
650 0 |a English language  |x Study and teaching (Higher)  |x Foreign speakers. 
650 0 |a English language  |v Textbooks for foreign speakers. 
852 |a INST  |b SYROS  |e 20020214  |h 428.24 ΙΩΑ  |p 005500000588  |q 005500000588  |t BK  |y 0 
901 |a BIBL5-2002-1 
970 |a Κοντού  |b Παρασκευή  |z 14/02/2002